|
|
|
|
| LEADER |
00000nam0a2200000 4500 |
| 001 |
210182 |
| 005 |
20231101225610.0 |
| 010 |
|
|
|a 9785160053660
|
| 035 |
|
|
|a (RuTPU)RU\TPU\book\229564
|
| 090 |
|
|
|a 210182
|
| 100 |
|
|
|a 20120220d2012 m y0rusy50 ca
|
| 101 |
0 |
|
|a rus
|
| 102 |
|
|
|a RU
|
| 105 |
|
|
|a y j 001zy
|
| 200 |
1 |
|
|a Аспирант вуза: технологии научного творчества и педагогической деятельности
|e учебное пособие
|f С. Д. Резник
|
| 205 |
|
|
|a 3-е изд., перераб.
|
| 210 |
|
|
|a Москва
|c Инфра-М
|d 2012
|
| 215 |
|
|
|a 519 с.
|
| 225 |
1 |
|
|a Менеджмент в науке
|
| 320 |
|
|
|a Библиогр.: с. 506-511.
|
| 320 |
|
|
|a Глоссарий: с. 491-505.
|
| 330 |
|
|
|a Рассматриваются содержание, система и технологии обучения в аспирантуре, подготовка к самостоятельной научной деятельности, методология научного творчества, даются рекомендации по написанию и оформлению кандидатской диссертации. Значительное внимание уделено подготовке аспиранта к работе на кафедре вуза, организации и планированию его жизни и деятельности. Для аспирантов и соискателей ученых степеней, а также для студентов, желающих посвятить себя научной и педагогической деятельности.
|
| 606 |
1 |
|
|a Аспиранты
|x Подготовка
|2 stltpush
|3 (RuTPU)RU\TPU\subj\71610
|9 85436
|
| 610 |
1 |
|
|a высшее образование
|
| 610 |
1 |
|
|a аспирантура
|
| 610 |
1 |
|
|a научная деятельность
|
| 610 |
1 |
|
|a личностные качества
|
| 610 |
1 |
|
|a диссертации
|
| 610 |
1 |
|
|a квалификационные работы
|
| 610 |
1 |
|
|a диссертационные работы
|
| 610 |
1 |
|
|a научные руководители
|
| 610 |
1 |
|
|a правовые основы
|
| 610 |
1 |
|
|a научное творчество
|
| 610 |
1 |
|
|a методология
|
| 610 |
1 |
|
|a проведение
|
| 610 |
1 |
|
|a оформление
|
| 610 |
1 |
|
|a публикации
|
| 610 |
1 |
|
|a внедрение результатов
|
| 610 |
1 |
|
|a защита
|
| 610 |
1 |
|
|a авторефераты диссертаций
|
| 610 |
1 |
|
|a ошибки
|
| 610 |
1 |
|
|a преподавательская деятельность
|
| 610 |
1 |
|
|a кафедры
|
| 610 |
1 |
|
|a учебные занятия
|
| 610 |
1 |
|
|a культура поведения
|
| 610 |
1 |
|
|a научно-педагогические кадры
|
| 610 |
1 |
|
|a научно-педагогические школы
|
| 610 |
1 |
|
|a командировки
|
| 610 |
1 |
|
|a самоконтроль
|
| 610 |
1 |
|
|a учебные пособия
|
| 686 |
|
|
|a Ч216(2)24я73
|v LBC/SL-A
|2 rubbk
|
| 700 |
|
1 |
|a Резник
|b С. Д.
|g Семен Давыдович
|
| 801 |
|
1 |
|a RU
|b 63413507
|c 20120220
|
| 801 |
|
2 |
|a RU
|b 63413507
|c 20150609
|g RCR
|
| 900 |
|
|
|a Профессиональные компетенции преподавателя инженерного вуза
|
| 942 |
|
|
|c BK
|
| 951 |
|
|
|l 10
|
| 959 |
|
|
|a 32/20120220
|d 2
|e 599,90
|f ЧЗГЛ:1
|f АНЛ:1
|